El diseño de investigación cualitativa
Salvato in:
| Autore principale: | |
|---|---|
| Natura: | Libro |
| Lingua: | spagnolo |
| Pubblicazione: |
Madrid, España:
Morata,
2015.
|
| Serie: | Investigación Cualitativa,
|
| Soggetti: | |
| Tags: |
Aggiungi Tag
Nessun Tag, puoi essere il primo ad aggiungerne!!
|
MARC
| LEADER | 00000cam a2200000 a 4500 | ||
|---|---|---|---|
| 001 | UCE6278 | ||
| 003 | CL-VaPUC | ||
| 005 | 20250102162009.0 | ||
| 008 | 150402e20150000sp |||||||||||||||||spa|d | ||
| 999 | |c 358639 |d 358637 | ||
| 020 | |a 9788471128065 | ||
| 040 | |c Pontificia Universidad Católica de Valparaíso | ||
| 082 | 0 | 4 | |a 001.42 FLI 2015 |2 21 |
| 100 | 0 | |a Flick, Uwe |e autor |9 578927 | |
| 245 | 1 | 3 | |a El diseño de investigación cualitativa |
| 260 | |a Madrid, España: |b Morata, |c 2015. | ||
| 300 | |a 167 páginas | ||
| 490 | 0 | |a Investigación Cualitativa, |n 1 | |
| 583 | |a last modification |c 20150402 11:08:00 |k Rodrigo Vera | ||
| 650 | 0 | |a Investigación cualitativa |9 389535 | |
| 650 | 0 | |a Métodos de investigación |9 262618 | |
| 650 | 0 | |a Técnicas de investigación |2 CL-VaPUC |9 334489 | |
| 942 | |c BK |2 ddc | ||
| 945 | |d 20150402 11:08:00 |a dcastane | ||
| 952 | |0 0 |1 0 |3 erb |4 0 |6 001_420000000000000_FLI_2015 |7 0 |8 A |9 467474 |a BIBING |b BIBING |i 5143942 |o 001.42 FLI 2015 |p 5143942 |r 2025-01-20 |w 2019-11-23 |y BK |z Catalogado en:20150402 |k GEO | ||
| 952 | |0 0 |1 0 |3 erb |4 0 |6 001_420000000000000_FLI_2015 |7 0 |8 A |9 467475 |a BIBEDU |b BIBEDU |i 5335760 |l 4 |o 001.42 FLI 2015 |p 5335760 |r 2025-01-30 |s 2024-11-21 |w 2019-11-23 |y BK |z Catalogado en:20160807 |k EPE | ||
| 952 | |0 0 |1 0 |3 erb |4 0 |6 001_420000000000000_FLI_2015 |7 0 |8 A |9 467476 |a BIBEDU |b BIBEDU |i 535854K |l 2 |m 3 |o 001.42 FLI 2015 |p 535854K |r 2025-01-07 |s 2024-12-03 |w 2019-11-23 |y BK |z Catalogado en:20161230 |k EFI | ||
| 952 | |0 0 |1 0 |3 erb |4 0 |6 001_420000000000000_FLI_2015 |7 0 |8 A |9 467477 |a BIBEDU |b BIBEDU |i 5358558 |l 1 |m 1 |o 001.42 FLI 2015 |p 5358558 |r 2025-03-26 |s 2025-03-12 |w 2019-11-23 |y BK |z Catalogado en:20161230 |k EFI | ||
| 952 | |0 0 |1 0 |3 erb |4 0 |6 001_420000000000000_FLI_2015 |7 0 |8 A |9 467478 |a BIBING |b BIBING |i 5451639 |o 001.42 FLI 2015 |p 5451639 |r 2025-01-20 |w 2019-11-23 |y BK |z Catalogado en:20180119 |k GEO | ||
| 952 | |0 0 |1 0 |3 erb |4 0 |6 001_420000000000000_FLI_2015 |7 0 |8 A |9 467479 |a BIBING |b BIBING |i 5451647 |l 1 |o 001.42 FLI 2015 |p 5451647 |q 2025-07-21 |r 2025-05-09 |s 2025-05-09 |w 2019-11-23 |y BK |z Catalogado en:20180119 |k GEO | ||
| 952 | |0 0 |1 0 |2 ddc |4 0 |6 001_420000000000000_FLI_2015 |7 0 |8 A |9 578763 |a BIBHIS |b BIBHIS |d 2021-08-30 |e 74 |g 23285.00 |i 558826K |o 001.42 FLI 2015 |p 558826K |r 2025-01-20 |t 7 |v 23285.00 |w 2021-08-30 |y BK |k HIS | ||
| 952 | |0 0 |1 0 |2 ddc |4 0 |6 001_420000000000000_FLI_2015 |7 0 |8 A |9 598800 |a BIBENE |b BIBENE |d 2025-01-02 |e 2 |g 34972.00 |i 5663733 |o 001.42 FLI 2015 |p 5663733 |r 2025-01-02 |t 8 |v 34972.00 |w 2025-01-02 |y BK |k ICO | ||